Directions and results of privatization process in Polish economy

Salvato in:
Dettagli Bibliografici
Autore principale: Szewc-Rogalska, Alina
Natura: Capitolo di libro
Lingua:inglese
Soggetti:
Tags: Aggiungi Tag
Nessun Tag, puoi essere il primo ad aggiungerne!!

MARC

LEADER 00000naa$a2200000$$$4500
001 0023642
005 20221128113044.1
041 0 |a eng 
044 |a SK 
245 1 0 |a Directions and results of privatization process in Polish economy  |c Alina Szewc-Rogalska 
610 2 0 |a privatizácia 
610 2 0 |a pokrok hospodársky 
610 2 0 |a hospodárstvo národné 
610 2 0 |a Poľsko 
100 1 |a Szewc-Rogalska, Alina